00314nam a2200121Ia 4500008004100000041000800041082001400049100001600063245004000079260003800119300002400157365001100181240624s9999 xx 000 0 und d aeng a658.5 GAR aGARG AJAY K aPRODUCTION AND OPERATION MANAGEMENT c2012aNew DelhibTata McGraw-Hill a855 : p. : cm. ; 28 cRSb33